| 000 | 01564nam a2200289 a 4500 | ||
|---|---|---|---|
| 001 | BRCA_2560 | ||
| 005 | 20190320203851.0 | ||
| 008 | 261108s1873----fr-a---###---#000-0dspa-u | ||
| 041 | _aspa | ||
| 044 | _afr | ||
| 084 |
_a165 _b.G376 _c1873 |
||
| 100 | 1 |
_aCervantes Saavedra, Miguel de _d1547-1616 _9213 |
|
| 245 | 1 | 0 |
_aEl Ingenioso Hidalgo Don Quijote de la Mancha _ccompuesto por Miguel de Cervantes Saavedra. |
| 260 |
_aParís _bGarnier hermanos _c1873 |
||
| 300 |
_a768 p. _bil. _c23 cm. |
||
| 500 | _aContenido : Primera parte. Vida de Cervantes. Dedicatoria del autor. Prólogo del autor. Versos preliminares. Segunda parte. Dedicatoria del autor. Prólogo del autor. Texto | ||
| 500 | _aEdición : Edición conforme a la última corregida por la Academia Española con notas para la buena inteligencia del texto | ||
| 500 | _aContiene la Vida de Cervantes, refundición de la escrita por Aribau, que no aporta nada nuevo. Linda edición, adornada con varios dibujos de Staal, grabados en madera por Pannemaker, Monard y otros. Impresión buena y pulcra sobre papel de calidad. Magnífico ejemplar. Piel; lomeras decoradas con florones y filetes dorados; planos orlados Lúdovik Osterc | ||
| 500 | _aQM157 | ||
| 650 | 1 | 4 |
_aNovela española _yÉpoca clásica, 1500-1700 _9215 |
| 650 | 1 | 4 |
_aLitteratura española _yÉpoca clásica, 1500-1700 _97329 |
| 650 | 1 | 4 |
_aNovela española _ySiglo XVII _9217 |
| 650 | 1 | 4 |
_aDon Quijote (Personaje ficticio) _eNovela _9218 |
| 740 | 0 | _aEl Ingenioso Hidalgo Don Quijote de la Mancha | |
| 902 | _aQFM | ||
| 942 |
_2lcc _cB |
||
| 999 |
_c2300 _d2300 |
||